000 04136cam a22007454i 4500
003 PE-LiUPU
005 20250731180052.0
008 140722s2007 mx ad g b 001 0 spa d
020 _a9702409152
020 _a9789702409151
035 _a(Sirsi) i9789702409151
040 _aPE-LiUPU
_bspa
_cPE-LiUPU
_erda
049 _aPRUA
050 4 _aTA545
_b.A43 2007
082 0 4 _a526.98
_bA35
082 0 4 _a526.98
_bA37 2011
100 1 _aAlcántara García, Dante A.,
_eautor.
245 1 0 _aTopografía y sus aplicaciones /
_cDante A. Alcántara García ; coordinador Estela Delfín Ramírez ; revisión técnica Alba Camacho Reyes.
250 _aPrimera edición.
264 1 _aMéxico :
_bGrupo Editorial Patria,
_c2007.
300 _a1 CD-ROM (4 3/4 plg).
300 _axii, 386 páginas :
_bilustraciones ;
_c27 centímetros
336 _atext
_2rdacontent
337 _aunmediated
_2rdamedia
338 _avolume
_2rdacarrier
504 _aIncluye referencias bibliográficas e índice.
505 0 _aPlanimetría -- Altimetría -- Planimetría y altimetría simultáneas, determinación de valores -- Nociones sobre el proyecto geométrico de caminos -- Agrodesia -- Orientación astronómica -- Fundamentos de la triangulación y trilateración topográficos -- Nociones de topografía subterránea -- Breve estudio de la fotografía aérea -- Levantamientos en lagos, ríos y costas -- Sistema de posicionamiento global (GPS).
526 _aSEG44
526 _aSEG26
526 _aP159
526 _aP155
526 _aP154
526 _aP153
526 _aP150
526 _aP100
526 _aP31
526 _aP30
526 _aP26
526 _aP25
526 _aP24
526 _aP22
526 _aP15
526 _aP10
541 _g0020-0000889;
650 4 _aTopografía.
700 1 _aCamacho Reyes, Alba,
_erevisión técnica.
700 1 _aDelfín Ramírez, Estela,
_ecoordinadora.
910 _ajck
_clch
910 _cwelc
_d20161025
942 _2ddc
_cBOOK
949 _a526.98 A35
_wDEWEY
_c1
_i70204
_d2016-5-11
_e2016-5-8
_lCCODEBUL1
_mBUL
_n9
_p24.00
_r0
_sY
_tBOOK
_u2015-7-23
_xINGENIERIA
_PP24
_0COMPRA
_o.STAFF. Colección General
949 _a526.98 A35
_wDEWEY
_c2
_i74036
_d2016-10-4
_e2016-10-3
_lCCODEBUL1
_mBUL
_n1
_p25.94
_r0
_sY
_tBOOK
_u2016-7-14
_xINGENIERIA
_PP25
_0COMPRA
_o.STAFF. Colección General
949 _a526.98 A37 2011
_wDEWEY
_c1
_iFJ03300
_lCCODEBUJ1
_mBUJ
_p17.00
_r0
_sY
_tBOOK
_u2016-10-25
_xINGENIERIA
_PP25
_0COMPRA
_o.STAFF. COlección General Juliaca
949 _a526.98 A37 2011
_wDEWEY
_c2
_iFJ09881
_lCCODEBUJ1
_mBUJ
_p17.00
_r0
_sY
_tBOOK
_u2016-10-25
_xINGENIERIA
_PP25
_0COMPRA
_o.STAFF. COlección General Juliaca
949 _a526.98 A37 2011
_wDEWEY
_c3
_iFJ09882
_lCCODEBUJ1
_mBUJ
_p17.00
_r0
_sY
_tBOOK
_u2016-10-25
_xINGENIERIA
_PP25
_0COMPRA
_o.STAFF. COlección General Juliaca
994 _aC0
_bPEPRU
596 _a1 3
999 _a526.98 A35
_wDEWEY
_c6535
_i70204
_d6535
_e2018-5-6
_f2021-11-9
_g7
_lCCODEBUL1
_mBUL
_n12
_p24.00
_q1
_r0
_sY
_tBOOK
_u2015-7-23
_xINGENIERIA
_PP24
_0COMPRA
_o.STAFF. Colección General
999 _a526.98 A35
_wDEWEY
_c2
_i74036
_d2018-6-3
_e2018-6-3
_f2021-11-9
_g6
_lCCODEBUL1
_mBUL
_n2
_p25.94
_r0
_sY
_tBOOK
_u2016-7-14
_xINGENIERIA
_PP25
_0COMPRA
_o.STAFF. Colección General
999 _a526.98 A37 2011
_wDEWEY
_c1
_iFJ03300
_d2019-11-29
_e2019-9-24
_f2022-1-19
_g4
_lCCODEBUJ1
_mBUJ
_n14
_p17.00
_q31
_r0
_sY
_tBOOK
_u2016-10-25
_xINGENIERIA
_PP25
_0COMPRA
_o.STAFF. COlección General Juliaca
999 _a526.98 A37 2011
_wDEWEY
_c2
_iFJ09881
_d2019-11-22
_e2019-11-20
_f2022-1-19
_g4
_lCCODEBUJ1
_mBUJ
_n15
_p17.00
_q17
_r0
_sY
_tBOOK
_u2018-1-11
_xINGENIERIA
_PP25
_0COMPRA
_o.STAFF. Colección General Juliaca
999 _a526.98 A37 2011
_wDEWEY
_c3
_iFJ09882
_d2019-11-14
_e2019-11-11
_f2022-1-19
_g4
_lCCODEBUJ1
_mBUJ
_n14
_p17.00
_q25
_r0
_sY
_tBOOK
_u2018-1-11
_xINGENIERIA
_PP25
_0COMPRA
_o.STAFF. Colección General Juliaca
980 _81
_gALBERTO SANCHEZ Responsable de Automatización